| 000 | 00532pab a2200181 454500 | ||
|---|---|---|---|
| 008 | 180718b1997 xxu||||| |||| 00| 0 eng d | ||
| 100 | _aStivers, Camilla | ||
| 245 | _aA response to Jameson W. Doig: leadership: myth and vision | ||
| 260 | _c1997 | ||
| 300 | _ap.881-85 | ||
| 362 | _aApr-May | ||
| 650 | _aLeadership - United States | ||
| 650 | _aExecutives - United States | ||
| 650 | _aCivil service - United States | ||
| 650 | _aCivil service | ||
| 773 | _aInternational Journal of Public Administration | ||
| 909 | _a34149 | ||
| 999 |
_c34149 _d34149 |
||